<?xml version="1.0" encoding="UTF-8"?><?xml-stylesheet type="text/xsl" href="static/style.xsl"?><OAI-PMH xmlns="http://www.openarchives.org/OAI/2.0/" xmlns:xsi="http://www.w3.org/2001/XMLSchema-instance" xsi:schemaLocation="http://www.openarchives.org/OAI/2.0/ http://www.openarchives.org/OAI/2.0/OAI-PMH.xsd"><responseDate>2026-06-04T18:22:00Z</responseDate><request verb="GetRecord" identifier="oai:riuma.uma.es:10630/39751" metadataPrefix="marc">https://riuma.uma.es/rest/oai/request</request><GetRecord><record><header><identifier>oai:riuma.uma.es:10630/39751</identifier><datestamp>2026-02-03T12:51:13Z</datestamp><setSpec>com_10630_27</setSpec><setSpec>com_10630_3139</setSpec><setSpec>com_10630_10</setSpec><setSpec>col_10630_39350</setSpec></header><metadata><record xmlns="http://www.loc.gov/MARC21/slim" xmlns:dcterms="http://purl.org/dc/terms/" xmlns:doc="http://www.lyncode.com/xoai" xmlns:xsi="http://www.w3.org/2001/XMLSchema-instance" xsi:schemaLocation="http://www.loc.gov/MARC21/slim http://www.loc.gov/standards/marcxml/schema/MARC21slim.xsd">
   <leader>00925njm 22002777a 4500</leader>
   <datafield ind2=" " ind1=" " tag="042">
      <subfield code="a">dc</subfield>
   </datafield>
   <datafield ind2=" " ind1=" " tag="720">
      <subfield code="a">Pino Pérez, Rubén</subfield>
      <subfield code="e">author</subfield>
   </datafield>
   <datafield ind2=" " ind1=" " tag="720">
      <subfield code="a">Silva-Pando, Francisco Javier</subfield>
      <subfield code="e">author</subfield>
   </datafield>
   <datafield ind2=" " ind1=" " tag="720">
      <subfield code="a">Pino Pérez, Juan José</subfield>
      <subfield code="e">author</subfield>
   </datafield>
   <datafield ind2=" " ind1=" " tag="260">
      <subfield code="c">2024-06-04</subfield>
   </datafield>
   <datafield ind2=" " ind1=" " tag="520">
      <subfield code="a">Se citan por primera vez para Galicia los helechos Adiantum raddianum C.Presl y Cyrtomium falcatum (L.f.) C.Presl en base a nuestras observaciones de campo, pliegos de herbario, revisión bibliográfica e información de distintos portales digitales. Se aporta información sobre la distribución de  ambos  taxones  en  la  península  ibérica  e islas  Baleares y  datos  corológicos  de  las  poblaciones encontradas. El catálogo de especies exóticas naturalizadas de la subdivisión Pteridophyta en Galicia se eleva a 8.</subfield>
   </datafield>
   <datafield ind2=" " ind1=" " tag="520">
      <subfield code="a">The ferns Adiantum raddianumC.Presl and Cyrtomium falcatum(L.f.) C.Presl are cited for the first time for Galicia based on our field observations, herbarium sheets, bibliographic review and information from different digital portals. Information is provided on the distribution of both taxa in the Iberian Peninsula and the Balearic Islands and chorological data of the populations found. The catalog of naturalized exotic species of the Pteridophyta subdivision in Galicia rises to 8</subfield>
   </datafield>
   <datafield ind1="8" ind2=" " tag="024">
      <subfield code="a">Pino Pérez, R., Silva Pando, F. J., &amp; Pino Pérez, J. J. (2024). Dos nuevos xenófitos para la pteridoflora gallega: Adiantum raddianum C.Presl (Pteridaceae) y Cyrtomium falcatum (L.f.) C.Presl (Dryopteridaceae). Acta Botanica Malacitana, 49, 161–167. https://doi.org/10.24310/abm.49.2024.19775</subfield>
   </datafield>
   <datafield ind1="8" ind2=" " tag="024">
      <subfield code="a">https://hdl.handle.net/10630/39751</subfield>
   </datafield>
   <datafield ind1="8" ind2=" " tag="024">
      <subfield code="a">10.24310/abm.49.2024.19775</subfield>
   </datafield>
   <datafield tag="653" ind2=" " ind1=" ">
      <subfield code="a">Fitogeografía</subfield>
   </datafield>
   <datafield tag="653" ind2=" " ind1=" ">
      <subfield code="a">Helechos - Galicia</subfield>
   </datafield>
   <datafield ind2="0" ind1="0" tag="245">
      <subfield code="a">Dos nuevos xenófitos para la pteridoflora gallega: Adiantum raddianum C.Presl (Pteridaceae) y Cyrtomium falcatum (L.f.) C.Presl (Dryopteridaceae)</subfield>
   </datafield>
</record>
</metadata></record></GetRecord></OAI-PMH>